Statistics for Athletics - Nationalities of Men's 10,000 Metres World Record Holders

Click here to take the quiz!

General Stats

  • This quiz has been taken 65 times
  • The average score is 8 of 12

Answer Stats

First HeldCOUNTRY% Correct
1977Kenya
95%
1995Ethiopia
92%
1973United Kingdom
92%
1912 (1911)France
79%
1921Finland
76%
1963Australia
73%
1956USSR
71%
1996Morocco
63%
1949Czechoslovakia
57%
1956Hungary
51%
1989Mexico
51%
1984Portugal
46%

Score Distribution

Percentile by Number Answered

Percent of People with Each Score

Your Score History

You have not taken this quiz